000 00594nam a2200193 a 4500
005 20220606113538.0
008 050923s2005 mx 000 0 spa d
020 _a968121157X
035 _aUPN01000140828
049 _aCG
050 4 _aHC135
_bZ3.7
100 1 _aZapata, Francisco
_935197
245 1 0 _aTiempos neoliberales en México /
_cFrancisco Zapata.
260 _aMéxico :
_bEl Colegio de México, Centro de Estudios Sociológicos,
_c2005.
300 _a163 p.
651 4 _aMEXICO -
_xPOLITICA ECONOMICA -
_y1994-
_97918
650 2 _aLiberalismo
_zMéxico
_914278
905 _aLibro
999 _c112976
_d112976